000 02601cam a22005654i 4500
003 PE-LiUPU
005 20250731173040.0
008 160303s2016 miu rb 001 0 eng
020 _a0801036291
020 _a9780801036293
035 _a(Sirsi) i9780801036293
035 _a(OCoLC)944179753
_z(OCoLC)927382732
040 _aDLC
_bspa
_erda
_cDLC
_dYDX
_dYDXCP
_dBTCTA
_dBDX
_dOCLCF
_dBUT
_dNZABT
_dCNTCS
_dOCLCO
_dOCLCQ
_dPE-LiUPU
049 _aPRUA
050 0 0 _aBV4597.53.L43
_bB36 2016
082 0 0 _a253
_bL36
_223
100 1 _aLedbetter, Bernice M.,
_eautor.
245 1 0 _aReviewing leadership :
_ba Christian evaluation of current approaches /
_cBernice M. Ledbetter, Robert J. Banks, David C. Greenhalgh; Max De Pree.
250 _aSecond edition.
264 1 _aGrand Rapids, Michigan :
_bBaker Academic, a division of Baker Publishing Group,
_c[2016]
300 _axxiii, 208 páginas ;
_c23 centímetros
336 _atext
_2rdacontent
337 _aunmediated
_2rdamedia
338 _avolume
_2rdacarrier
490 0 _aEngaging culture
504 _aBibliografía : páginas 173-199.
504 _aÍndice : páginas 201-208.
505 0 _aLeadership: an emerging academic discipline -- Biblical, historical, and denominational perspectives on leadership -- Spiritual and religious dimensions of leadership: the ethical foundation -- Faith-based approaches to leadership -- Practicing leadership through faithfulness, integrity, and service -- Leader development: leaving a legacy -- Governance: practicing faith-based leadership -- Christian leadership in action: some exemplary case studies -- The future of leadership.
526 _aSEG42
526 _aSEG41
526 _aSEG40
526 _aSEG39
526 _aP94
526 _aP87
526 _aP86
526 _aP85
526 _aP77
526 _aP76
526 _aP35
650 4 _aLiderazgo
_xAspectos religiosos
_xCristianismo.
650 7 _aLeadership
_xReligious aspects
_xChristianity.
_2fast
_0(OCoLC)fst00994719
700 1 _aBanks, Robert,
_d1939- ,
_eautor.
910 _adbm
_bebj
_cebj
_d20171219
942 _2ddc
_cBOOK
949 _a253 L36
_wDEWEY
_c1
_i77591
_lCATALOGING
_mBUL
_p14.00
_r0
_sY
_tBOOK
_u2017-12-19
_xPOSGRADO
_PP85
_0DONACION
_o.STAFF. Colección Teología.
994 _aC0
_bPEPRU
596 _a1
999 _a253 L36
_wDEWEY
_c26266
_i77591
_d26266
_e2019-5-7
_f2021-11-10
_g4
_lCCODEBUL1
_mBUL
_n3
_p14.00
_q1
_r0
_sY
_tBOOK
_u2017-12-19
_xTEOLOGIA
_PP85
_0DONACION
_o.STAFF. Colección Teología.
980 _81
_gALBERTO SANCHEZ Responsable de Automatización